[Event "Amplico ch-EUR Rapid"]
[Site "Warsaw POL"]
[Date "2012.12.16"]
[Round "8.3"]
[White "Malakhov,V"]
[Black "Moranda,W"]
[Result "1/2-1/2"]
[WhiteElo "2709"]
[BlackElo "2559"]

1.c4 Nf6 2.Nc3 g6 3.g3 Bg7 4.Bg2 O-O 5.d4 d6 6.Nf3 Nbd7 7.O-O e5 8.b3 exd4
9.Nxd4 Re8 10.Bb2 Nc5 11.Qc2 a5 12.Rad1 c6 13.h3 Qe7 14.e3 h5 15.Rfe1 Nfe4
16.Nxe4 Nxe4 17.Nf3 Bxb2 18.Qxb2 a4 19.Nd2 Qf6 20.Qxf6 Nxf6 21.Nb1 axb3 22.axb3 Rd8
23.Rd2 Ra1 24.Red1 Bf5 25.Nc3 Rxd1+ 26.Rxd1 Kf8 27.Rd2 Ke7 28.Ra2 Kd7 29.e4 Be6
30.f4 Kc7 31.Kf2 Nd7 32.Ke3 Nc5 33.Ra3 f5 34.exf5 Bxf5 35.b4 Re8+ 36.Kd2 Nd7
37.Nd1 Nb6 38.Rc3 Ra8 39.Ne3 Ra2+ 40.Ke1 Na4 41.Rb3 Be6 42.b5 Bxc4 43.Nxc4 Rxg2
44.bxc6 bxc6 45.Ra3 Nb6 46.Ne3 Rh2 47.Ra7+ Kd8 48.Rg7 Rxh3 49.Rxg6 h4 50.Rxd6+ Kc7
51.Rg6 Rxg3 52.Rxg3 hxg3 53.Kf1 Nd5 54.Nxd5+ cxd5  1/2-1/2

[Event "Amplico ch-EUR Rapid"]
[Site "Warsaw POL"]
[Date "2012.12.16"]
[Round "9.8"]
[White "Tazbir,M"]
[Black "Malakhov,V"]
[Result "0-1"]
[WhiteElo "2555"]
[BlackElo "2709"]

1.e4 c5 2.Nf3 Nc6 3.d4 cxd4 4.Nxd4 Nf6 5.Nc3 d6 6.Bg5 Bd7 7.Qd2 h6 8.Bxf6 gxf6
9.O-O-O Nxd4 10.Qxd4 Qa5 11.f4 Rc8 12.Kb1 Qc5 13.Qd2 Bg7 14.f5 h5 15.Nd5 Bh6
16.Qd3 h4 17.Be2 Bg5 18.Rhf1 a5 19.Qc3 b5 20.Qxc5 Rxc5 21.c3 Rc8 22.Nb6 Rb8
23.Nxd7 Kxd7 24.Rd5 Kc6 25.a4 bxa4 26.Rxa5 Ra8 27.Rxa8 Rxa8 28.Bc4 Rf8 29.Kc2 Be3
30.Ra1 Rg8 31.Bf1 Rg4 32.Kd3 Bf4 33.Rxa4 Bxh2 34.Ra7 Rf4 35.Be2 Rf2 36.Rxe7 Be5
37.Rxf7 Rxg2 38.Rh7 Rg3+ 39.Kc4 Re3 40.Bf1 Rxe4+ 41.Kd3 d5 42.Bg2 Rg4 43.Bf3 Rg3
44.Ke2 h3 45.c4 Bxb2 46.Bxd5+ Kd6 47.Rh8 Be5 48.Rh7 Ra3 49.Kf2 h2 50.Kg2 Rg3+
51.Kf2 Rg5 52.Be6 Kc5 53.Ke2 Kd4 54.Rh4+ Kc3 55.c5 Rg4 56.Rxg4 h1=Q 57.Rc4+ Kb2
58.c6 Qg2+ 59.Ke3 Bc7 60.Rb4+ Ka3 61.Rc4 Bb6+ 62.Kd3 Qf3+ 63.Kd2 Ba5+ 64.Kc2 Qe2+  0-1

[Event "Amplico ch-EUR Rapid"]
[Site "Warsaw POL"]
[Date "2012.12.16"]
[Round "10.3"]
[White "Malakhov,V"]
[Black "Miton,K"]
[Result "1-0"]
[WhiteElo "2709"]
[BlackElo "2626"]

1.c4 Nf6 2.Nc3 g6 3.e4 d6 4.d4 Bg7 5.Bd3 O-O 6.Nge2 Nc6 7.O-O Nd7 8.Bc2 e5
9.d5 Nd4 10.Be3 Nxc2 11.Qxc2 f5 12.exf5 gxf5 13.f4 a5 14.Ng3 e4 15.Qd2 Nf6
16.Bd4 b6 17.Nd1 Qe8 18.Ne3 Qg6 19.Kh1 Bd7 20.b3 h5 21.Ne2 Ng4 22.Bxg7 Qxg7
23.h3 Nxe3 24.Qxe3 h4 25.Rg1 Kf7 26.Qc3 Qxc3 27.Nxc3 Rg8 28.Ne2 Kf6 29.Rac1 Rg7
30.Kh2 Rag8 31.g3 hxg3+ 32.Rxg3 Rxg3 33.Nxg3 Be8 34.Nf1 e3 35.Re1 Bf7 36.Nxe3 a4
37.Nc2 axb3 38.axb3 Ra8 39.Nd4 Ra3 40.Re3 Ra2+ 41.Kg3 Ra8 42.Nb5 Rc8 43.Kf2 Bg8
44.Re2 Bf7 45.Re1 Bg8 46.Ra1 Ke7 47.Nd4 Bf7 48.Nxf5+ Kf6 49.Nd4 Rh8 50.Rh1 Bg6
51.h4 Be4 52.Re1 Bf5 53.Rh1 Ra8 54.h5 Ra2+ 55.Ke3 Bh7 56.h6 Rg2 57.Nf3 Rg3
58.Rg1 Rh3 59.Rg7 Bf5 60.Kf2 Rxh6 61.Rxc7 Be4 62.Ng5 Bc2 63.b4 Kf5 64.Kg3 Bb3
65.Nf3 Rg6+ 66.Ng5 Rh6 67.Ne6 Ke4 68.Rc6 Bxc4 69.Rxd6 Rh1 70.Ng5+ Kf5 71.Nf3 Rb1
72.Re6 Rb3 73.Re5+ Kf6 74.d6 Rd3 75.Kg4 Rxd6 76.Ng5 Bd3 77.Ne4+ Bxe4 78.Rxe4 Rd1
79.Re5 Rg1+ 80.Kf3 Rd1 81.Rb5 Rd6 82.Kg4 Rc6 83.Kf3 Re6 84.f5 Re1 85.Kf4 Rf1+
86.Ke4 Re1+ 87.Kd5 Kxf5 88.Rxb6 Rd1+ 89.Kc5 Ke5 90.Rh6 Rc1+ 91.Kb6 Kd5 92.b5 Rb1
93.Ka6 Kc5 94.Rc6+ Kd5 95.Rc2  1-0

[Event "Vladimir Petrov Memorial"]
[Site "Jurmala LAT"]
[Date "2013.02.15"]
[Round "1.2"]
[White "Malakhov,V"]
[Black "Lavendelis,E"]
[Result "1-0"]
[WhiteElo "2709"]
[BlackElo "2337"]

1.c4 Nf6 2.Nc3 d5 3.cxd5 Nxd5 4.g3 c5 5.Bg2 Nxc3 6.bxc3 Nc6 7.Nf3 e5 8.d3 Be7
9.O-O O-O 10.Nd2 Qc7 11.Nc4 Be6 12.Rb1 Rfd8 13.Qa4 Bd5 14.e4 Be6 15.Ne3 Rxd3
16.Nd5 Bxd5 17.exd5 Na5 18.Qc2 c4 19.Be4 Rd8 20.Bxd3 cxd3 21.Qxd3 Nc4 22.Be3 b6
23.Rfd1 g6 24.Bh6 f5 25.Qe2 Bf6 26.Rb4 Nd6 27.c4 g5 28.h4 g4 29.Be3 Ne4 30.Rc1 Be7
31.Rb3 h5 32.a4 Bc5 33.a5 f4 34.axb6 axb6 35.Bxc5 Nxc5 36.Ra3 e4 37.gxf4  1-0

[Event "Vladimir Petrov Memorial"]
[Site "Jurmala LAT"]
[Date "2013.02.15"]
[Round "2.2"]
[White "Maiorov,N1"]
[Black "Malakhov,V"]
[Result "0-1"]
[WhiteElo "2542"]
[BlackElo "2709"]

1.d4 g6 2.c4 Bg7 3.e4 d6 4.Nc3 e5 5.d5 Nf6 6.Bd3 O-O 7.Nge2 c5 8.Ng3 Ne8
9.O-O Qh4 10.Qc2 Bh6 11.Bxh6 Qxh6 12.a3 Nd7 13.b4 Qg5 14.Kh1 Ndf6 15.f3 Bd7
16.Rab1 b6 17.Qf2 h5 18.Nge2 h4 19.Bc2 Nh5 20.bxc5 dxc5 21.Nd1 Nd6 22.Ne3 Kg7
23.Kg1 Nf4 24.Kh1 Rh8 25.Rbe1 h3 26.g3 Ng2 27.f4 Qf6 28.Rc1 Rae8 29.Qf3 exf4
30.gxf4 Nxe4 31.Bxe4 Nh4 32.Qf2 Rxe4 33.Ng3 Ree8 34.f5 Bxf5 35.Ngxf5+ Nxf5
36.Nxf5+ Qxf5 37.Qxf5 gxf5 38.Rxf5 Rh4 39.Rg1+ Kf8 40.Rgf1 Re7 41.d6 Rd7
42.Rf6 Rd4 43.Rh6 R7xd6 44.Rxh3 Rxc4 45.Rh8+ Kg7 46.Ra8 Ra4 47.Rf3 Rf6 48.Rg3+ Rg6
49.Re3 Rd4 50.Re1 a5 51.Ra7 Rd3 52.Rf1 Rf6 53.Rg1+ Kh7 54.Ra1 Rff3 55.Rb1 Rb3
56.Rxf7+ Kg6 57.Rxf3 Rxb1+ 58.Kg2 Rb2+ 59.Kf1 a4 60.Rg3+ Kf5 61.h4 Rb3 62.Rg5+ Kf6
63.Rh5 Kg7 64.Rg5+ Kf7 65.Rf5+ Ke7 66.h5 Rxa3 67.Kg2 Rd3 68.h6 Rd8  0-1

[Event "Vladimir Petrov Memorial"]
[Site "Jurmala LAT"]
[Date "2013.02.15"]
[Round "3.1"]
[White "Malakhov,V"]
[Black "Fier,A"]
[Result "1/2-1/2"]
[WhiteElo "2709"]
[BlackElo "2577"]

1.c4 Nf6 2.Nc3 g6 3.e4 d6 4.d4 Bg7 5.Bd3 O-O 6.Nge2 Nc6 7.O-O e5 8.d5 Nd4
9.Bb1 Nd7 10.Be3 Nxe2+ 11.Qxe2 a5 12.Bc2 Nc5 13.a3 f5 14.exf5 gxf5 15.f3 b6
16.Rad1 Bd7 17.b4 axb4 18.axb4 Na4 19.Nxa4 Bxa4 20.c5 bxc5 21.bxc5 Qe8 22.cxd6 cxd6
23.Bf2 Qb5 24.Qxb5 Bxb5 25.Bd3 Bxd3 26.Rxd3 Rfc8 27.Rd2 Rc4 28.h3 Rac8 29.Ra2 Rc2
30.Rxc2 Rxc2 31.Rb1 Rd2 32.Rb5 Kf7 33.Be3 Rd3 34.Kf2 f4 35.Bb6 Rd2+ 36.Kf1 Bf6
37.Ba5 Rd1+ 38.Ke2 Rg1 39.Kf2 Ra1 40.Bc7 Bh4+ 41.Ke2 Ra2+ 42.Kd3 Be7 43.Rb6 Ra3+
44.Ke4  1/2-1/2

[Event "Vladimir Petrov Memorial"]
[Site "Jurmala LAT"]
[Date "2013.02.16"]
[Round "8.2"]
[White "Malakhov,V"]
[Black "Ivanchuk,V"]
[Result "1/2-1/2"]
[WhiteElo "2709"]
[BlackElo "2758"]

1.c4 Nf6 2.Nc3 c5 3.Nf3 e6 4.e4 Nc6 5.Be2 b6 6.O-O Bb7 7.d4 cxd4 8.Nxd4 Nxd4
9.Qxd4 Bc5 10.Qd3 Qc7 11.Be3 O-O 12.Rad1 Rfd8 13.Bd4 e5 14.Bxc5 bxc5 15.Qe3 d6
16.f4 exf4 17.Qxf4 Qe7 18.Bf3 a6 19.Rfe1 h6 20.b3 Qe5 21.Qxe5 dxe5 22.Na4 Rxd1
23.Rxd1 Rc8 24.Nb6 Rb8 25.Nd7 Nxd7 26.Rxd7 Bc6 27.Rc7 Rb6 28.Kf2 a5 29.Ke3 Kf8
30.Bd1 Ra6 31.Bg4 g6 32.h4 h5 33.Bc8 Rb6 34.g4 hxg4 35.Bxg4 Ra6 36.h5 Kg7
37.hxg6 Kxg6 38.Bc8 Rb6 39.Bf5+ Kg7 40.Kd3 a4 41.bxa4 Bxa4 42.Rxc5 Rb2 43.Rxe5 Rxa2
44.Kc3 Rc2+ 45.Kb4 Bc6 46.Rc5 Bb7 47.Rc7 Re2 48.Re7 Kf6 49.Re8 Bc6 50.Rd8  1/2-1/2

[Event "Vladimir Petrov Memorial"]
[Site "Jurmala LAT"]
[Date "2013.02.16"]
[Round "10.5"]
[White "Malakhov,V"]
[Black "Miezis,N"]
[Result "1-0"]
[WhiteElo "2709"]
[BlackElo "2572"]

1.c4 c5 2.Nf3 Nc6 3.g3 e5 4.Nc3 g6 5.Bg2 Bg7 6.O-O Nge7 7.Ne1 O-O 8.Nc2 d6
9.Ne3 h6 10.d3 Kh7 11.a3 a5 12.Rb1 f5 13.Ned5 Nxd5 14.Nxd5 a4 15.e3 Bd7 16.Nc3 Na5
17.Nxa4 Nxc4 18.Nxc5 dxc5 19.dxc4 e4 20.Qc2 b5 21.Bd2 Qe7 22.Bc3 Bxc3 23.Qxc3 bxc4
24.Qxc4 Be6 25.Qc3 c4 26.Rfd1 Rab8 27.Bf1 Rfc8 28.Rbc1 Qg7 29.Rd4 h5 30.h4 Rb3
31.Qd2 Kh6 32.Bxc4 Bxc4 33.Rdxc4 Rxc4 34.Rxc4 Rxb2 35.Qd8 Rb7 36.Kg2 Rd7
37.Qb8 Rb7 38.Qc8 Qd7 39.Qh8+ Qh7 40.Qc3 Qg7 41.a4 Rb2 42.Rd4 Rb7 43.Qc8 Rc7
44.Qd8 Qe7 45.Qxe7 Rxe7 46.a5 Ra7 47.Ra4 Kg7 48.a6 Kf6 49.f3 Ke5 50.fxe4 fxe4
51.g4 Kd5 52.Kg3 Kc5 53.g5 Kd5 54.Ra5+ Kc4 55.Kf4 Kd3 56.Ra3+ Ke2 57.Kxe4 Kf2
58.Kf4 Kg2 59.e4  1-0

[Event "Vladimir Petrov Memorial"]
[Site "Jurmala LAT"]
[Date "2013.02.17"]
[Round "12.4"]
[White "Sandipan,C"]
[Black "Malakhov,V"]
[Result "1/2-1/2"]
[WhiteElo "2590"]
[BlackElo "2709"]

1.e4 e5 2.Nf3 Nc6 3.Bb5 Nf6 4.Qe2 Bd6 5.c3 O-O 6.d3 Re8 7.Bg5 h6 8.Bh4 Be7
9.Nbd2 d6 10.Ba4 Nh5 11.Bg3 Bf6 12.Nc4 Be6 13.O-O a6 14.Bb3 d5 15.Ne3 Nxg3
16.hxg3 Ne7 17.Rad1 c6 18.d4 exd4 19.Nxd4 Bxd4 20.Rxd4 Qc8 21.exd5  1/2-1/2

[Event "Vladimir Petrov Memorial"]
[Site "Jurmala LAT"]
[Date "2013.02.17"]
[Round "13.3"]
[White "Malakhov,V"]
[Black "Kovalenko,I"]
[Result "1-0"]
[WhiteElo "2709"]
[BlackElo "2586"]

1.c4 e5 2.Nc3 Nf6 3.Nf3 Nc6 4.g3 Bb4 5.Bg2 Bxc3 6.bxc3 O-O 7.O-O e4 8.Ne1 d5
9.cxd5 Qxd5 10.f3 Re8 11.fxe4 Nxe4 12.Nd3 Qd6 13.Qa4 Ng5 14.Ba3 Qh6 15.h4 Nh3+
16.Kh2 Qxd2 17.Rad1 Qxa2 18.Nc1 Qb1 19.Bxh3 Bxh3 20.Kxh3 Re4 21.Qb3 Qxb3
22.Nxb3 Rxe2 23.Rd7 f6 24.Rxc7 Ra2 25.Bc5 Re8 26.Nd4 Nxd4 27.Bxd4 Ree2 28.Rxb7 h5
29.Bg1 Kh7 30.Rd1 a5 31.Rdd7 Re1 32.Rxg7+ Kh6 33.Rh7+ Kg6 34.Rbg7+ Kf5 35.Rxh5+ Ke6
36.Bd4 a4 37.Rg6 Rf1 38.Rhh6 Kd5 39.Rxf6 Rh1+ 40.Kg4  1-0

[Event "Chinese Teams 2013"]
[Site "Tianjin CHN"]
[Date "2013.04.30"]
[Round "1.2"]
[White "Wang Hao"]
[Black "Malakhov,V"]
[Result "1/2-1/2"]
[WhiteElo "2743"]
[BlackElo "2709"]

1.Nf3 c5 2.c4 Nc6 3.d4 cxd4 4.Nxd4 Nf6 5.Nc3 e6 6.a3 Be7 7.e4 O-O 8.Nf3 Qc7
9.Be2 b6 10.O-O Bb7 11.Bg5 Rad8 12.Bh4 d6 13.Rc1 Qb8 14.Re1 Nd7 15.Bxe7 Nxe7
16.Bf1 a6 17.Qd2 Ne5 18.Qe3 Nxf3+ 19.Qxf3 Bc6 20.Qd3 Rc8 21.Rcd1 Rfd8 22.Rd2 Qc7
23.Red1 Be8 24.Qg3 e5 25.Qe3 f6 26.c5 dxc5 27.Bxa6 Ra8 28.Bc4+ Kh8 29.Nd5 Nxd5
30.Bxd5 Ra4 31.Qc3 h6 32.b4 Qe7 33.bxc5 Qxc5 34.Qxc5 bxc5 35.Rc1 Rxa3 36.h4 Ra5
37.Rb2 Rc8 38.Rb7 Bc6 39.Bxc6 Rxc6 40.Rd1 Ra8 41.Rdd7 Rg8 42.Rdc7 Rxc7 43.Rxc7 h5  1/2-1/2

[Event "Chinese Teams 2013"]
[Site "Tianjin CHN"]
[Date "2013.05.01"]
[Round "2.6"]
[White "Zhou Weiqi"]
[Black "Malakhov,V"]
[Result "1/2-1/2"]
[WhiteElo "2590"]
[BlackElo "2709"]

1.d4 d5 2.c4 c6 3.Nc3 Nf6 4.Nf3 a6 5.a4 e6 6.Bg5 a5 7.e3 Be7 8.Be2 Na6 9.O-O O-O
10.Qb3 Nb4 11.Na2 dxc4 12.Qxc4 Nxa2 13.Qxa2 Nd5 14.Bxe7 Qxe7 15.Ne5 Bd7 16.Qa3 Rfd8
17.Qxe7 Nxe7 18.Rfc1 Be8 19.Nd3 Nd5 20.g3 Kf8 21.Rab1 Ke7 22.b4 axb4 23.Nxb4 Rxa4
24.Nxd5+ cxd5 25.Rxb7+ Kf8 26.Rcc7 Raa8 27.Bb5 Rab8 28.Bxe8 Rxb7 29.Rxb7 Rxe8
30.Kg2  1/2-1/2

[Event "Chinese Teams 2013"]
[Site "Tianjin CHN"]
[Date "2013.05.02"]
[Round "3.1"]
[White "Malakhov,V"]
[Black "Yu Shaoteng"]
[Result "1-0"]
[WhiteElo "2709"]
[BlackElo "2496"]

1.Nf3 Nf6 2.g3 d5 3.Bg2 e6 4.O-O Be7 5.c4 O-O 6.d4 dxc4 7.Ne5 Nc6 8.Bxc6 bxc6
9.Nxc6 Qe8 10.Nxe7+ Qxe7 11.Qc2 Ba6 12.Qa4 Qd6 13.Nc3 Qb6 14.Re1 c6 15.Bg5 Qxb2
16.Rec1 Qb6 17.Rab1 Bb5 18.Nxb5 cxb5 19.Rxb5 Qxd4 20.Rxc4 Qd8 21.Rf4 Kh8
22.Bxf6 gxf6 23.Rb7 f5 24.Rd4 Qf6 25.Rxa7 Rxa7 26.Qxa7 Rc8 27.a4 Kg7 28.e3 Rc1+
29.Kg2 e5 30.Rd5 Qc6 31.Qd7 Qc4 32.Rd1 Qe4+ 33.Kg1 Rc5 34.Qe7 Rc6 35.a5 Re6
36.Qc7 Rc6 37.Qb8 Rc5 38.Ra1 Qc6 39.Qb2 Qa6 40.Qb4 Rd5 41.Qe1 e4 42.Qc3+ Kg6
43.h4 f6 44.Qe1 Kh6 45.Qb4 Kg6 46.Qe1 Kh6 47.Kg2 Kg6 48.Qf1 Rd3 49.Qe2 Kh6
50.Qa2 Rd7 51.Rb1 Ra7 52.Qg8 Qxa5 53.Qf8+ Kg6 54.Qe8+ Kh6 55.Rb5 Qa4 56.Qf8+ Kg6
57.Qe8+ Kh6 58.Qe6 Kg7 59.Rxf5 Rf7 60.Rf4  1-0

[Event "Chinese Teams 2013"]
[Site "Tianjin CHN"]
[Date "2013.05.03"]
[Round "4.6"]
[White "Malakhov,V"]
[Black "Wan Yunguo"]
[Result "1/2-1/2"]
[WhiteElo "2709"]
[BlackElo "2494"]

1.Nf3 Nf6 2.c4 g6 3.b3 Bg7 4.Bb2 O-O 5.g3 c6 6.Bg2 d5 7.O-O a5 8.d3 a4 9.Nbd2 Na6
10.Qc1 Re8 11.Bc3 Bg4 12.Qb2 Nc5 13.Rac1 Bxf3 14.Nxf3 axb3 15.axb3 Qb6 16.cxd5 Qxb3
17.dxc6 bxc6 18.Bxf6 Bxf6 19.Qxb3 Nxb3 20.Rxc6 Nd4 21.Nxd4 Bxd4 22.Rc4 Rad8
23.Rb1 Bf6 24.Rb7 Rb8 25.Rcc7 Rxb7 26.Rxb7 Rd8 27.Bc6 Kg7 28.Kg2 Rc8 29.Bd5 g5
30.Bc4 Ra8 31.f4 gxf4 32.gxf4 Kf8 33.e4 Bd4 34.Rd7 Bb6 35.Kf3 Ra7 36.Rd5 Ra5
37.Rg5 Rxg5 38.fxg5 e5 39.Kg4 Kg7 40.Kf5 Bd4 41.h4 h6 42.gxh6+ Kxh6  1/2-1/2

[Event "Chinese Teams 2013"]
[Site "Wuxi CHN"]
[Date "2013.08.04"]
[Round "9.4"]
[White "Xiu Deshun"]
[Black "Malakhov,V"]
[Result "1/2-1/2"]
[WhiteElo "2566"]
[BlackElo "2707"]

1.d4 d5 2.c4 c6 3.Nc3 Nf6 4.e3 a6 5.Qc2 e6 6.Nf3 c5 7.cxd5 exd5 8.Be2 Be6
9.O-O Nc6 10.Rd1 cxd4 11.Nxd4 Nxd4 12.Rxd4 Bc5 13.Rd1 Qe7 14.Qa4+ Bd7 15.Qb3 Be6
16.Qa4+ Bd7 17.Qb3 Be6  1/2-1/2

[Event "67th Moscow Blitz 2013"]
[Site "Moscow RUS"]
[Date "2013.09.01"]
[Round "1"]
[White "Popov,Iv RUS"]
[Black "Malakhov,V"]
[Result "0-1"]
[WhiteElo "2656"]
[BlackElo "2707"]

1.e4 e5 2.Nf3 Nc6 3.Nc3 Nf6 4.Bb5 Bd6 5.d3 O-O 6.O-O Re8 7.Bxc6 dxc6 8.h3 Nd7
9.Be3 c5 10.Nd2 Nf8 11.Nc4 Ne6 12.Nxd6 Qxd6 13.Ne2 b6 14.f4 exf4 15.Nxf4 Bb7
16.Nxe6 Rxe6 17.b3 Rae8 18.Bf4 Qd7 19.Kh2 f5 20.e5 g5 21.Bxg5 Rg6 22.Qh5 Rxe5
23.h4 Qg7 24.Rae1 h6 25.Qxg6 Qxg6 26.Rxe5 Qc6 27.Rf2 hxg5 28.Rexf5 Qd6+ 29.Kg1 gxh4
30.Rg5+ Kh7 31.Rh5+ Kg6 32.Rxh4 Qg3 33.Rh3 Qg5 34.Kh2 Qe5+ 35.Rg3+ Kh6 36.Rf7 Bc8
37.Rf3 Bg4 38.Re3 Qd6 39.Re4 Bh5 40.Rh4 a5 41.Rh3 Qe5 42.a4 Qc3 43.Rg8 Qe5+
44.Rgg3 c6 45.Kh1 b5 46.Rg8 bxa4 47.bxa4 Qa1+ 48.Kh2 Qe5+ 49.Kh1 Qd4 50.Kh2  0-1

[Event "67th Moscow Blitz 2013"]
[Site "Moscow RUS"]
[Date "2013.09.01"]
[Round "2"]
[White "Malakhov,V"]
[Black "Mozharov,M"]
[Result "1-0"]
[WhiteElo "2707"]
[BlackElo "2508"]

1.Nf3 Nf6 2.g3 d5 3.Bg2 Bg4 4.c4 Bxf3 5.Bxf3 c6 6.Qb3 Qd7 7.O-O e6 8.d4 Be7
9.Nc3 O-O 10.Bf4 Na6 11.Rfd1 Rac8 12.e4 dxe4 13.Nxe4 Nxe4 14.Bxe4 g6 15.Be3 Qc7
16.Rac1 Qb6 17.Qc2 c5 18.d5 exd5 19.Bxd5 Nb4 20.Qa4 Bf6 21.b3 Rfd8 22.Be4 Nc6
23.Bxc6 bxc6 24.Rxd8+ Rxd8 25.Qa3 Bd4 26.Bh6 Re8 27.Rf1 Qc7 28.Qc1 Qe5 29.a3 Qe2
30.Qf4 Qd3 31.Qc7 Qxb3 32.Qxc6 Rb8 33.Re1 Rf8 34.Bxf8 Kxf8 35.Qd5 Kg7 36.Kg2 Qc3
37.Re7  1-0

[Event "67th Moscow Blitz 2013"]
[Site "Moscow RUS"]
[Date "2013.09.01"]
[Round "5"]
[White "Gunina,V"]
[Black "Malakhov,V"]
[Result "0-1"]
[WhiteElo "2506"]
[BlackElo "2707"]

1.d4 g6 2.Nf3 Bg7 3.g3 c5 4.c3 Qa5 5.Nbd2 cxd4 6.cxd4 Nc6 7.e3 Nf6 8.Bg2 Qa6
9.Qe2 Qxe2+ 10.Kxe2 b6 11.b3 Ba6+ 12.Ke1 Nb4 13.Kd1 Ng4 14.Rf1 Bxf1 15.Bxf1 Nxf2+
16.Ke2 Ng4 17.Ba3 Nc2  0-1

[Event "67th Moscow Blitz 2013"]
[Site "Moscow RUS"]
[Date "2013.09.01"]
[Round "6"]
[White "Malakhov,V"]
[Black "Najer,E"]
[Result "1/2-1/2"]
[WhiteElo "2707"]
[BlackElo "2626"]

1.c4 e5 2.Nc3 Nf6 3.Nf3 Nc6 4.g3 Nd4 5.Bg2 Nxf3+ 6.Bxf3 Bc5 7.O-O O-O 8.d3 h6
9.Bg2 c6 10.Na4 Be7 11.d4 d6 12.Nc3 Re8 13.b3 Bg4 14.h3 Bh5 15.Bb2 Qc7 16.Qd2 Rad8
17.d5 c5 18.Nb5 Qb8 19.a4 a6 20.Nc3 b6 21.f4 Nd7 22.f5 Bg5 23.Qd3 Nf6 24.Ne4 Nxe4
25.Bxe4 a5 26.g4 Bxg4 27.hxg4 f6 28.Kg2 Kf7 29.Qh3 Ke7 30.Qh5 Rg8 31.Bc1 Bxc1
32.Raxc1 Rdf8 33.Kf3 Qc7 34.Ke3 Kd8 35.Kd3 Kc8 36.Rh1 Kb7 37.Qh2 Ka6 38.Kc3 Qf7
39.Kb2 Qe7 40.Ka3 Qd8 41.Bd3 Qe7 42.Qg2 Ka7 43.Rcf1 Qd8 44.Rh5 Qe7 45.Be4 Qd8
46.Qh3 Qe7 47.g5 fxg5 48.f6 Rxf6 49.Rxf6 Qxf6 50.Qd7+ Ka6 51.Rh1 Rd8 52.Qc7 g4
53.Rg1 h5 54.Bg2 Qg5 55.Rf1 Ra8 56.e3 Qxe3 57.Qc6 Rb8 58.Qxd6 Rb7 59.Qd8 Qd2
60.Qa8+ Ra7 61.Qc8+ Rb7 62.Rb1 Qxg2 63.Qa8+ Ra7 64.Qc8+ Rb7 65.Qa8+  1/2-1/2

[Event "67th Moscow Blitz 2013"]
[Site "Moscow RUS"]
[Date "2013.09.01"]
[Round "7"]
[White "Eliseev,U"]
[Black "Malakhov,V"]
[Result "0-1"]
[WhiteElo "2550"]
[BlackElo "2707"]

1.e4 e5 2.Nf3 Nc6 3.Bc4 Bc5 4.O-O Nf6 5.d3 O-O 6.h3 Re8 7.Nbd2 h6 8.Re1 Bf8
9.a3 d6 10.Nf1 Ne7 11.Nh4 Be6 12.Ng3 Qd7 13.Qf3 Nh7 14.Nhf5 Nxf5 15.Nxf5 Bxf5
16.exf5 c6 17.Bb3 d5 18.c4 e4 19.dxe4 dxe4 20.Qg3 Qxf5 21.Bxh6 Re6 22.Bf4 Rg6
23.Qh4 Re8 24.Bc2 Nf6 25.Bg3 Bc5 26.Re2 Bd4 27.Rae1 Bxb2 28.Bxe4 Rxe4 29.Rxe4 Nxe4
30.Rxe4 Re6 31.Qd8+ Kh7 32.Rf4 Qb1+ 33.Kh2 Bf6 34.Qd7 Re1 35.Bh4 Be5 36.Qxf7 Qg6
37.Bg3 Bxf4 38.Qxf4 Qf6 39.Qc7 Re7 40.Qb8 b6 41.Qc8 b5 42.c5 a5 43.Bd6 Re1
44.f3 b4 45.axb4 axb4 46.Qb7 Qd4 47.Qf7 Qd5 48.Qf4 b3 49.Qh4+ Kg8 50.Qd8+ Kf7
51.Qd7+ Kf6 52.Qd8+ Kg6 53.Qb8 Re2 54.Qb4 Qxf3  0-1

[Event "67th Moscow Blitz 2013"]
[Site "Moscow RUS"]
[Date "2013.09.01"]
[Round "9"]
[White "Riazantsev,A"]
[Black "Malakhov,V"]
[Result "1/2-1/2"]
[WhiteElo "2700"]
[BlackElo "2707"]

1.d4 d5 2.c4 c6 3.Nc3 Nf6 4.e3 a6 5.Nf3 e6 6.b3 Bb4 7.Bd2 Nbd7 8.Bd3 O-O
9.O-O Bd6 10.Qc2 h6 11.Rae1 e5 12.c5 Bc7 13.Nxe5 Nxe5 14.dxe5 Bxe5 15.f4 Bxc3
16.Bxc3 Re8 17.Be5 Nd7 18.Bd4 Nf8 19.f5 f6 20.Rf3 Nd7 21.Qc3 Ne5 22.Rg3 Kh8
23.Bc2 Bd7 24.Rf1 Re7 25.Rf4 Qf8 26.Qb4 Be8 27.Rh4 Bf7 28.Qd2 Rae8 29.Qf2 Bg8
30.Qf4 Bh7 31.Qf2 Rd8 32.Rf4 Rde8 33.h3 Nd7 34.Qd2 Ne5 35.Kh2 Rd8 36.Qb4 Rde8
37.Rf1 Qf7 38.Qc3 Rd8 39.Rf4  1/2-1/2

[Event "67th Moscow Blitz 2013"]
[Site "Moscow RUS"]
[Date "2013.09.01"]
[Round "11"]
[White "Malakhov,V"]
[Black "Glek,I"]
[Result "1-0"]
[WhiteElo "2707"]
[BlackElo "2460"]

1.Nf3 d6 2.c4 e5 3.Nc3 f5 4.g3 Nf6 5.Bg2 Be7 6.O-O O-O 7.d3 Qe8 8.b4 a5 9.b5 Nbd7
10.e4 fxe4 11.dxe4 Nc5 12.Nh4 Be6 13.Qe2 Qf7 14.Nd5 c6 15.Nxe7+ Qxe7 16.Nf5 Qd7
17.bxc6 bxc6 18.Ba3 Nfxe4 19.Nxg7 Qxg7 20.Bxe4 Nxe4 21.Qxe4 c5 22.Rad1 Rad8
23.Rd2 Bh3 24.Rfd1 Bg4 25.Re1 Bf3 26.Qh4 Rd7 27.Bb2 Qg4 28.Qxg4+ Bxg4 29.Re3 Rb8
30.Kg2 Rb4 31.h3 Bf5 32.g4 Bg6 33.Bxe5 Rxc4 34.Rxd6 Rxd6 35.Bxd6 Rc2 36.Ra3 c4
37.Rxa5 c3 38.Rc5 Be4+ 39.Kg3 Rc1 40.f3 Bd3 41.Bf4 Rg1+ 42.Kh2 Rf1 43.Rxc3 Rxf3
44.Be5 Kf7 45.a4 Ke6 46.Bc7 Rf2+ 47.Kg3 Rd2 48.a5 Be4 49.Kf4 Bd5 50.Re3+ Kd7
51.Bb6 Ra2 52.Ke5 Bg2 53.Kf6 Ra1 54.h4 Ra4 55.Rg3 Bc6 56.h5 Bb5 57.g5 Be2
58.g6 hxg6 59.hxg6 Bc4 60.Rg4  1-0

[Event "67th Moscow Blitz 2013"]
[Site "Moscow RUS"]
[Date "2013.09.01"]
[Round "12"]
[White "Karjakin,Sergey"]
[Black "Malakhov,V"]
[Result "1-0"]
[WhiteElo "2772"]
[BlackElo "2707"]

1.e4 e5 2.Nf3 Nc6 3.Bb5 Nf6 4.d3 Bc5 5.Nc3 O-O 6.Bxc6 dxc6 7.Be3 Bd6 8.h3 Nd7
9.Ne2 c5 10.Ng3 Re8 11.Nf5 Nf8 12.Nd2 Qf6 13.Qf3 Bxf5 14.exf5 e4 15.Nxe4 Qxb2
16.O-O Qxc2 17.Nxd6 cxd6 18.Bf4 Rad8 19.a4 b6 20.Qg3 Nd7 21.Bxd6 Nf6 22.Rae1 Rxe1
23.Rxe1 h6 24.Re3 Nh5 25.Qe5 Qd1+ 26.Kh2 Qxa4 27.Be7 Re8 28.Qd5 Nf4 29.Qb7 Nh5
30.Re4 Qb3 31.Bxc5 Rxe4 32.dxe4 Nf6 33.Bd6 Qd3 34.e5 Ne4 35.Bb8 Nxf2 36.e6 fxe6
37.fxe6 Qf5 38.Qc6 Ne4 39.e7 Nf6 40.e8=Q+ Nxe8 41.Qxe8+ Kh7 42.Qa4 a5 43.Bc7 Qc5
44.Qe4+ Kg8 45.Qe6+ Kh7 46.Bxb6 Qb4 47.Qf5+ Kg8 48.Qxa5 Qf4+ 49.Kh1 Qf1+
50.Bg1 Qf7 51.Qc5 Qe6 52.Qd4 Qf7 53.Bf2 Qe6 54.Kh2 Qf7 55.Be3 Qe6 56.Qf4 Qd5
57.Bd4 Qd7 58.Qe5 Kh7 59.h4 Qg4 60.g3 h5 61.Kg2 Qg6 62.Kf3 Qd3+ 63.Kf4 Qd2+
64.Kf5 Qd3+ 65.Ke6 Qa6+ 66.Kd7 Qb7+ 67.Kd8 Qf7 68.Qe4+ Kg8 69.Qe8+  1-0

[Event "67th Moscow Blitz 2013"]
[Site "Moscow RUS"]
[Date "2013.09.01"]
[Round "13"]
[White "Malakhov,V"]
[Black "Belous,V"]
[Result "1/2-1/2"]
[WhiteElo "2707"]
[BlackElo "2554"]

1.Nf3 Nf6 2.g3 g6 3.b3 Bg7 4.Bb2 O-O 5.c4 d6 6.Bg2 e5 7.O-O Nc6 8.d4 e4 9.Nfd2 e3
10.fxe3 Ng4 11.Rf3 Re8 12.Nf1 h5 13.h3 Nh6 14.Nc3 Nf5 15.Nd5 Be6 16.Nf4 Bd7
17.Qd2 Qe7 18.Nd5 Qd8 19.b4 a6 20.Rc1 Bh6 21.b5 Nb8 22.g4 hxg4 23.hxg4 Nh4
24.Nf6+ Kf8 25.Nxe8 Nxf3+ 26.exf3 Qxe8 27.a4 axb5 28.axb5 d5 29.g5 Bxg5 30.f4 Bf6
31.cxd5 Bxb5 32.Rxc7 Qd8 33.Rxb7 Ba6 34.Qb4+ Kg7 35.Rb6 Nd7 36.Rc6 Rb8 37.Qd2 Bb5
38.e4 Bxc6 39.dxc6 Nc5 40.e5 Be7 41.d5 Nb3 42.Qc3 Qb6+ 43.Ne3 Bc5 44.Kf2 Bd4
45.Qd3 Bxb2 46.d6 Nc5 47.Qc4 Ne6 48.c7 Rc8 49.Bh3 Nxc7 50.Bxc8 Nb5 51.e6 Bd4
52.e7 Nxd6 53.Qd3 Qb2+ 54.Kf3 Qb4 55.Nd5 Qc5 56.Bb7 Ne8 57.Qb3 Qd6 58.Qb4 Qxb4
59.Nxb4 Bc5 60.Nd5 f6 61.Bc6 Kf7 62.Bxe8+ Kxe8 63.Nxf6+ Kxe7 64.Ne4  1/2-1/2

[Event "67th Moscow Blitz 2013"]
[Site "Moscow RUS"]
[Date "2013.09.01"]
[Round "14"]
[White "Reshetnikov,Al"]
[Black "Malakhov,V"]
[Result "0-1"]
[WhiteElo "2497"]
[BlackElo "2707"]

1.c4 g6 2.Nc3 Bg7 3.g3 e6 4.Bg2 Ne7 5.Nf3 d5 6.d4 O-O 7.O-O Nbc6 8.e3 b6
9.Nd2 a5 10.b3 Ba6 11.Bb2 Qd7 12.Rc1 Rad8 13.Re1 Nb4 14.Bf1 c5 15.a3 cxd4
16.exd4 dxc4 17.axb4 axb4 18.Na4 c3 19.Bxa6 cxb2 20.Nxb2 Bxd4 21.Nd3 b5 22.Ne4 Nd5
23.Ndc5 Bxc5 24.Nxc5 Qa7 25.Qd4 Nc7 26.Qe5 Rd5 27.Qe3 Nxa6 28.Nxa6 Qxa6 29.Red1 Qd6
30.Rxd5 Qxd5 31.Rc5 Qd1+ 32.Kg2 Qd7 33.h4 Rc8 34.Kh2 Rxc5 35.Qxc5 Qd2 36.Kg1 Qd1+
37.Kh2 Qxb3 38.Qxb5 Qc3 39.Qb8+ Kg7  0-1

[Event "ACP Cup 2013"]
[Site "Riga LAT"]
[Date "2013.09.13"]
[Round "1.2"]
[White "Eljanov,P"]
[Black "Malakhov,V"]
[Result "0-1"]
[WhiteElo "2706"]
[BlackElo "2707"]

1.d4 d5 2.c4 c6 3.Nf3 Nf6 4.g3 dxc4 5.Bg2 g6 6.Ne5 Be6 7.Na3 Bd5 8.f3 b5
9.e4 Be6 10.f4 Bg7 11.O-O O-O 12.Nc2 Qc8 13.a4 Bh3 14.Bxh3 Qxh3 15.Qe2 Qc8
16.Bd2 Nbd7 17.axb5 cxb5 18.Bb4 Re8 19.Qf3 Qb7 20.Nxd7 Nxd7 21.f5 Kh8 22.e5 Qxf3
23.Rxf3 Nb6 24.Ne3 Kg8 25.Ra6 e6 26.fxe6 fxe6 27.Ng4 h5 28.Nf6+ Bxf6 29.exf6 Kf7
30.Bd6 Nd5 31.Kf1 b4 32.Ke2 Rec8 33.Kd1 c3 34.b3 g5 35.Kc1 Rd8 36.Be5 Rd7
37.Rf2 Ne3 38.Rfa2 Nf5 39.R6a4 a5 40.Rxa5 Rxa5 41.Rxa5 Nxd4 42.Bxd4 Rxd4
43.Rxg5 h4 44.gxh4 Rxh4 45.Rg2 Kxf6 46.Rf2+ Ke7 47.Kc2 Kd6 48.Kd3 Kd5 49.Ke3 Rh3+
50.Kf4 Kd4 51.Kg4 Rh8 52.h4 Rc8  0-1